Groupes de metal par traduction française n°2 - Statistiques

Statistiques générales
  • Ce quiz a été pris 696 fois
  • Le résultat moyen est 7 sur 28
Statistiques - réponses
Traduction en français Nom du groupe % Correct
Mort Death
96%
Trône sombre Darkthrone
71%
Six pieds sous terre Six Feet Under
65%
Magicien électrique Electric Wizard
54%
Marteau d'enfer Hellhammer
53%
Fœtus mourrant Dying Fetus
52%
Christ pourrissant Rotting Christ
42%
Avaler le soleil Swallow the Sun
38%
Déchets municipaux Municipal Waste
37%
Démembrer Dismember
30%
Brillant Shining
27%
SuperMor Megadeth
22%
Attaque nucléaire Nuclear Assault
22%
L'enfant du vieil homme Old Man's Child
20%
Loups dans la salle du trône Wolves in the Throne Room
19%
Oméga sort mortel Deathspell Omega
14%
Lanceur de verrou Bolt Thrower
12%
Brouillard (en polonais) Mgła
11%
Chope de bière Tankard
10%
Nécrologie Obituary
9%
Névrose Neurosis
8%
Troupes d'assaut de la mort Stormtroopers of Death
8%
Forme de désespoir Shape of Despair
7%
Brouillard (en norvégien) Taake
5%
Asservissement obtenu Obtained Enslavement
2%
Éviscération Disembowelment
1%
Bois Drudkh
1%
Sombre forêt brumeuse Negură Bunget
1%
Aucun quiz correspondant
Distribution des résultats
% des personnes avec chaque résultat
Percentile par nombre de réponses
Votre historique - résultats
Vous n’avez pas pris ce quiz